Box office 1998 par images restreintes - Statistiques

Statistiques générales
  • Ce quiz a été pris 208 fois
  • Le résultat moyen est 8 sur 12
Statistiques - réponses
Par images Réponse % Correct
Titanic
99%
Taxi
98%
Mulan
96%
Les Couloirs du temps : Les Visiteurs 2
95%
Le Masque de Zorro
92%
Le Dîner de cons
90%
Il faut sauver le soldat Ryan
77%
La vie est belle
62%
Armageddon
43%
Le Prince d'Égypte
36%
Mary à tout prix
30%
L'Arme fatale 4
11%
Aucun quiz correspondant
Distribution des résultats
% des personnes avec chaque résultat
Percentile par nombre de réponses
Votre historique - résultats
Vous n’avez pas pris ce quiz